000 00360nam a2200133Ia 4500
005 20260326235453.0
008 260326s9999||||xx |||||||||||||| ||und||
100 _aDrexler, Arthur
245 0 _aTransformations in Modern Architecture /
_cArthur Drexler
260 _bThe Museum of Modern Art
300 _a168 p.
650 _aARQUITECTURA MODERNA
942 _cBK
999 _c7825
_d7825